|
|
|
|
| LEADER |
00000nab a2200000 a 4500 |
| 001 |
vtls000284372 |
| 003 |
SK-MaSNL |
| 005 |
20260302220054.0 |
| 008 |
160215c1987 xo 0 hun |
| 015 |
|
|
|a SNBRB19rr/mm-uuuuu
|
| 035 |
|
|
|a CL0294490
|
| 040 |
|
|
|a SNKBUCL
|b slo
|c SNKBUCL
|e AACR2
|
| 041 |
0 |
|
|a hun
|
| 044 |
|
|
|a xo
|c SK
|
| 080 |
|
|
|a 78.071.1
|2 1981
|
| 080 |
|
|
|a 39-051
|2 1981
|
| 080 |
|
|
|a 378.124
|2 1981
|
| 080 |
|
|
|a 929 Kodály, Zoltán
|2 1981
|
| 100 |
1 |
|
|a Ág, Tibor,
|d 1928-2013
|4 aut
|9 174546
|
| 245 |
1 |
0 |
|a "Félkézzel lantos, másikkal néptanítő"
|b Kodály Zoltán életművéről
|c Tibor Ág
|
| 600 |
1 |
7 |
|a Kodály, Zoltán,
|d 1882-1967
|2 snkbucl
|9 214944
|
| 655 |
|
7 |
|a články z novín a časopisov
|2 snkbucl
|9 267496
|
| 773 |
0 |
|
|t Új szó
|g Roč. 40, č. 84 (10. 4. 1987), s. 6
|
| 850 |
|
|
|a Slovenská národná knižnica v Martine
|a MTA001
|
| 852 |
|
|
|a SNK
|b KIS3GCP
|
| 958 |
|
|
|a BX
|
| 958 |
|
|
|a RK
|
| 958 |
|
|
|a HU
|
| 992 |
|
|
|a RBX
|
| 999 |
|
|
|c 1505259
|d 1507189
|